Vista normal
Vista MARC
- ENCUENTRO INTERCULTURAL/VIOLENCIA ANTICIPATORIA
Entrada Término temático
Número de registros utilizados en: 1
001 - NÚMERO DE CONTROL
- campo de control: 6703
003 - IDENTIFICADOR DE NÚMERO DE CONTROL
- campo de control: AR-BaBMM
005 - FECHA Y HORA DE LA ÚLTIMA TRANSACCIÓN
- campo de control: 20230420012227.0
008 - ELEMENTOS DE DATO DE LONGITUD-FIJA
- campo de control de longitud fija: 230420|| aca||aabn | a|a d
040 ## - FUENTE DE CATALOGACIÓN
- Centro catalogador/agencia de origen: AR-BaBMM
- Centro/agencia transcriptor: AR-BaBMM
150 ## - ENCABEZAMIENTO--TÉRMINO DE MATERIA
- Término de materia o nombre geográfico como elemento de entrada: ENCUENTRO INTERCULTURAL/VIOLENCIA ANTICIPATORIA
670 ## - FUENTE DE DATOS ENCONTRADOS
- Cita de la fuente: Work cat.: (AR-BaBMM)3135: Kaës, René 520, Violencia del encuadre y violencias del encuentro intersubjetivo en los grupos analíticos de formación, 1997


